Προγραμματισμός με τη C

Αποθηκεύτηκε σε:
Λεπτομέρειες βιβλιογραφικής εγγραφής
Κύριος συγγραφέας: Kochan, Stephen G.
Άλλοι συγγραφείς: Κουτσοχέρα, Ελπίδα (trlf)
Μορφή: Βιβλίο
Γλώσσα:Greek
English
Δημοσίευση: Αθήνα: Παπασωτηρίου, 2010.
Έκδοση:3η έκδ.
Σειρά:Βιβλιοθήκη προγραμματιστών
Θέματα:
Ετικέτες: Προσθήκη ετικέτας
Δεν υπάρχουν, Καταχωρήστε ετικέτα πρώτοι!

MARC

LEADER 00000cam a2200000 a 4500
001 1/112844
008 170126t2010####gr | ||| |||| ||gre||
020 |a 9607182790   |q (χαρτόδετο)  
040 |a GR-MyUa  |b gre  |c GR-MyUa  |e AACR2 
041 0 |a gre  |h eng 
082 7 |a 005.133   |2 (23)  
100 1 |a Kochan, Stephen G. 
245 1 0 |a Προγραμματισμός με τη C /   |c Stephen G. Kochan ; μετάφραση Ελπίδα Κουτσοκέρα.  
250 |a 3η έκδ.  
260 |a Αθήνα:   |b Παπασωτηρίου,   |c 2010.  
300 |a xvii, 539 σ.:   |b εικ., πίν. ;   |c 24 εκ.  
500 |a Μια ολοκληρωμένη εισαγωγή στη γλώσσα προγραμματισμού C.  
504 |a Ευρετήριο: σ. 505-539.  
650 0 |a C (Computer program language) 
700 1 |a Κουτσοχέρα, Ελπίδα,  |e trlf 
830 0 |a Βιβλιοθήκη προγραμματιστών 
852 |a INST  |b CHIOS  |c EUDOXUS  |e 20170126  |h 005.133 KOC  |p 005200037856  |q 005200037856  |t BK  |y 0 
920 |a Εύδοξος  |b Παραγγελία  |y Χίος-ΤΔΕ  |z 2017-01 
970 |a Σπέντζα  |b Ελένη  |z 26-01-2017